[Event "Titled Tuesday intern op 14th Nov Early"]
[Site "Chess.com INT"]
[Date "2023.11.14"]
[Round "1"]
[White "Fernandez, Juan Pablo"]
[Black "Vestby Ellingsen, Mads"]
[Result "0-1"]
[WhiteElo "2040"]
[BlackElo "2339"]
[PlyCount "88"]
[EventDate "2023.11.14"]
[EventType "swiss (blitz)"]
[EventRounds "11"]
[EventCountry "USA"]
[SourceTitle "CB47_2023"]
[SourceDate "2023.11.22"]
[SourceVersion "1"]
[SourceVersionDate "2023.11.22"]
[SourceQuality "1"]

1. c4 c5 2. g3 Nc6 3. Bg2 g6 4. Nc3 Bg7 5. Nf3 d6 6. 0-0 Bf5 7. d4 cxd4 8. Nb5 e5 9. e3 a6 10. Na3 dxe3 11. Bxe3 Nge7 12. Qd2 Qc7 13. Rfd1 Rd8 14. b4 0-0 15. b5 Nb8 16. Rac1 Be4 17. Qb4 a5 18. Qa4 b6 19. c5 Bxf3 20. Bxf3 dxc5 21. Nc4 Nf5 22. Bg5 f6 23. Be3 Nd4 24. Bxd4 exd4 25. Bg2 Rfe8 26. Qc2 f5 27. Qd3 Re7 28. Re1 Rde8 29. Rxe7 Rxe7 30. a4 Nd7 31. Rd1 Nf6 32. Qf3 Ne4 33. Qf4 Qxf4 34. gxf4 Nc3 35. Rd3 Re1+ 36. Bf1 Ne2+ 37. Kg2 Nxf4+ 38. Kf3 Nxd3 39. Bxd3 Re6 40. Nd2 Kf8 41. Bc4 Re1 42. Kg2 Bh6 43. Nf3 Rc1 44. Bd5 d3 0-1

[Event "Nordic-ch"]
[Site "Sarpsborg"]
[Date "2019.06.26"]
[Round "8"]
[White "Fernandez, Juan Pablo"]
[Black "Asbjornsen, Jakob"]
[Result "1-0"]
[WhiteElo "2066"]
[BlackElo "1359"]
[PlyCount "47"]
[EventDate "2019.06.21"]
[EventType "swiss"]
[EventRounds "9"]
[EventCountry "NOR"]
[SourceTitle "CBM 191 Extra"]
[Source "ChessBase"]
[SourceDate "2019.09.30"]
[SourceVersion "1"]
[SourceVersionDate "2019.09.30"]
[SourceQuality "1"]

1. c4 e5 2. g3 Nf6 3. Bg2 d5 4. cxd5 Nxd5 5. Nf3 Nc6 6. 0-0 Be7 7. d4 exd4 8. Nxd4 Nxd4 9. Qxd4 Nb6 10. Qxg7 Bf6 11. Qh6 Na4 12. Nc3 Nxc3 13. bxc3 Qe7 14. Ba3 Bg5 15. Bxe7 Bxh6 16. Bf6 Rg8 17. Rfd1 Bd7 18. Bxb7 Rb8 19. Be4 Bg7 20. Bxh7 Bxf6 21. Bxg8 Bf5 22. e4 Bg6 23. e5 Bg7 24. e6 1-0

[Event "Nordic-ch"]
[Site "Sarpsborg"]
[Date "2019.06.24"]
[Round "6"]
[White "Fernandez, Juan Pablo"]
[Black "Jashari, Driton"]
[Result "1/2-1/2"]
[WhiteElo "2066"]
[BlackElo "1755"]
[PlyCount "42"]
[EventDate "2019.06.21"]
[EventType "swiss"]
[EventRounds "9"]
[EventCountry "NOR"]
[SourceTitle "CBM 191 Extra"]
[Source "ChessBase"]
[SourceDate "2019.09.30"]
[SourceVersion "1"]
[SourceVersionDate "2019.09.30"]
[SourceQuality "1"]

1. c4 c6 2. g3 Nf6 3. Nf3 e6 4. Bg2 d5 5. 0-0 Nbd7 6. Qc2 Be7 7. d4 Qc7 8. Bf4 Bd6 9. Bxd6 Qxd6 10. c5 Qe7 11. Nbd2 e5 12. e4 dxe4 13. Nxe5 0-0 14. Nxd7 Qxd7 15. Nxe4 Qxd4 16. Rad1 Qe5 17. Nd6 Rb8 18. Rfe1 Qh5 19. Nxc8 Rbxc8 20. Re7 Rcd8 21. Rd6 Rde8 1/2-1/2

[Event "Hasselbacken op"]
[Site "Stockholm"]
[Date "2017.11.05"]
[Round "7"]
[White "Tikkanen, Hans"]
[Black "Fernandez, Juan Pablo"]
[Result "1-0"]
[WhiteElo "2520"]
[BlackElo "2064"]
[PlyCount "79"]
[EventDate "2017.11.03"]
[EventType "swiss"]
[EventRounds "8"]
[EventCountry "SWE"]
[SourceTitle "CBM 181 Extra"]
[Source "ChessBase"]
[SourceDate "2017.12.12"]
[SourceVersion "1"]
[SourceVersionDate "2017.12.12"]
[SourceQuality "1"]

1. d4 Nf6 2. Nf3 e6 3. e3 c5 4. Bd3 Nc6 5. a3 d5 6. b3 Be7 7. Nbd2 0-0 8. Bb2 b6 9. 0-0 Bb7 10. Qe2 Re8 11. Rfd1 Qc7 12. dxc5 bxc5 13. c4 Rad8 14. e4 dxe4 15. Nxe4 Nxe4 16. Qxe4 g6 17. Qe3 Qb6 18. Be4 Bf8 19. Bxc6 Qxc6 20. Rxd8 Rxd8 21. Qe5 Rd4 22. Bxd4 cxd4 23. Qxd4 Bd6 24. Rd1 Bxa3 25. Qxa7 Bd6 26. Qd4 Bc5 27. Qf6 Bb6 28. h4 h5 29. Qe7 Bc5 30. Rd8+ Kg7 31. Qe8 Qxe8 32. Rxe8 Bxf3 33. gxf3 Kf6 34. Rb8 Ke5 35. Rb7 f6 36. b4 Bd4 37. Rd7 g5 38. hxg5 fxg5 39. c5 h4 40. Rxd4 1-0

[Event "Vaxjo Nordic zt"]
[Site "Vaxjo"]
[Date "2017.07.01"]
[Round "8"]
[White "Fernandez, Juan Pablo"]
[Black "Wahlund, Max"]
[Result "0-1"]
[WhiteElo "2045"]
[BlackElo "2142"]
[PlyCount "80"]
[EventDate "2017.06.26"]
[EventType "swiss"]
[EventRounds "9"]
[EventCountry "SWE"]
[SourceTitle "CBM 179 Extra"]
[Source "ChessBase"]
[SourceDate "2017.08.23"]
[SourceVersion "1"]
[SourceVersionDate "2017.08.23"]
[SourceQuality "1"]

1. c4 e5 2. g3 Nc6 3. Bg2 f5 4. Nc3 Nf6 5. Nf3 Bb4 6. Nd5 a5 7. 0-0 e4 8. Nh4 Nxd5 9. cxd5 Ne7 10. d3 exd3 11. Qxd3 0-0 12. Bg5 h6 13. Bxe7 Qxe7 14. Ng6 Qf6 15. Nxf8 Bxf8 16. Qc3 Qd6 17. Rac1 c5 18. e4 fxe4 19. Bxe4 b5 20. Qf3 Be7 21. Qf5 Bb7 22. Qh7+ Kf7 23. Rc3 Bf6 24. Re3 Bd4 25. Rf3+ Ke7 26. Qf5 Kd8 27. Qf8+ Kc7 28. Qxd6+ Kxd6 29. Rf7 Rd8 30. Re1 Re8 31. Kf1 b4 32. b3 Ba6+ 33. Kg2 c4 34. f3 c3 35. Rc1 Be3 36. Rc2 Rxe4 37. fxe4 Bd3 38. e5+ Kxe5 39. Rff2 Bxf2 40. Rxf2 c2 0-1

[Event "Vaxjo Nordic zt"]
[Site "Vaxjo"]
[Date "2017.06.27"]
[Round "2"]
[White "Fernandez, Juan Pablo"]
[Black "Svensson, Bengt1111"]
[Result "1/2-1/2"]
[WhiteElo "2045"]
[BlackElo "1784"]
[PlyCount "119"]
[EventDate "2017.06.26"]
[EventType "swiss"]
[EventRounds "9"]
[EventCountry "SWE"]
[SourceTitle "CBM 179 Extra"]
[Source "ChessBase"]
[SourceDate "2017.08.23"]
[SourceVersion "1"]
[SourceVersionDate "2017.08.23"]
[SourceQuality "1"]

1. c4 e5 2. g3 Nf6 3. Bg2 d6 4. Nc3 c5 5. Nf3 Nc6 6. 0-0 Be7 7. d3 0-0 8. Ne1 Bd7 9. Bg5 a6 10. Bxf6 Bxf6 11. Nc2 Rb8 12. Nd5 b5 13. b3 Be7 14. Nce3 f5 15. f4 exf4 16. Nxe7+ Qxe7 17. Nd5 Qe8 18. gxf4 Ne7 19. Qc2 Nxd5 20. Bxd5+ Be6 21. Bg2 Qh5 22. Rae1 Rbe8 23. e3 b4 24. Qf2 Rf6 25. Kh1 Rh6 26. Bf3 Qf7 27. Rg1 Rg6 28. Rg3 Rxg3 29. hxg3 a5 30. Kg1 Kh8 31. e4 fxe4 32. dxe4 Bc8 33. e5 dxe5 34. fxe5 Rf8 35. Re3 Bg4 36. Kg2 Qh5 37. e6 Qh3+ 38. Kg1 Bxe6 39. Bg2 Qf5 40. Qxf5 Bxf5 41. Re5 Bb1 42. Rxc5 Bxa2 43. Rxa5 Bxb3 44. c5 Bc2 45. Rb5 b3 46. c6 g6 47. c7 Rc8 48. Rb8 Bf5 49. Bb7 Rg8 50. Bd5 Rc8 51. Bb7 Rg8 52. Rxg8+ Kxg8 53. c8Q+ Bxc8 54. Bxc8 Kf7 55. Ba6 Kf6 56. Kf2 Kf5 57. Kf3 h5 58. Bd3+ Kg5 59. Bb1 h4 60. gxh4+ 1/2-1/2

[Event "SWE-chT2 0708"]
[Site "Sweden"]
[Date "2008.03.09"]
[Round "9"]
[White "Ingvason, Sigurgeir"]
[Black "Fernandez, Juan Pablo"]
[Result "0-1"]
[WhiteElo "2029"]
[BlackElo "1990"]
[PlyCount "82"]
[EventDate "2007.10.20"]
[EventType "team"]
[EventRounds "9"]
[EventCountry "SWE"]
[SourceTitle "EXT 2009"]
[Source "ChessBase"]
[SourceDate "2008.11.26"]
[SourceVersion "1"]
[SourceVersionDate "2008.11.26"]
[SourceQuality "1"]
[WhiteTeam "Lundby"]
[BlackTeam "Upsala II"]
[WhiteTeamCountry "SWE"]
[BlackTeamCountry "SWE"]

1. Nf3 c5 2. c4 g6 3. g3 Bg7 4. Bg2 Nc6 5. 0-0 d6 6. Nc3 e5 7. d3 Nge7 8. Rb1 0-0 9. Bg5 f6 10. Bd2 Be6 11. b4 cxb4 12. Na4 b6 13. Ne1 Rc8 14. Nc2 d5 15. cxd5 Nxd5 16. e4 Nc3 17. Bxc3 bxc3 18. Nxc3 Nd4 19. Nxd4 Qxd4 20. Nd5 Bxd5 21. exd5 Rc3 22. Rb3 Rfc8 23. Qb1 Rc2 24. Rb4 Qxd3 25. Be4 Qxf1+ 26. Kxf1 Rc1+ 27. Ke2 Rxb1 28. Rxb1 f5 29. Bd3 e4 30. Bb5 Rc2+ 31. Ke3 Be5 32. Rd1 Bd6 33. Rd2 Bc5+ 34. Ke2 Rxd2+ 35. Kxd2 Bxf2 36. g4 Kf8 37. gxf5 gxf5 38. Bd7 f4 39. Bf5 e3+ 40. Kd3 f3 41. Bg4 e2 0-1